Normal view
MARC view
Entry Topical Term
001 - CONTROL NUMBER
- control field: 24766
003 - CONTROL NUMBER IDENTIFIER
- control field: ARRUPE
005 - DATE AND TIME OF LATEST TRANSACTION
- control field: 20160811110750.0
008 - FIXED-LENGTH DATA ELEMENTS
- fixed length control field: 160811|| aca||aabn | a|a d
040 ## - CATALOGING SOURCE
- Original cataloging agency: ARRUPE
- Transcribing agency: ARRUPE
150 ## - HEADING--TOPICAL TERM
- Topical term or geographic name as entry element: French languages
- General subdivision: Grammar
670 ## - SOURCE DATA FOUND
- Source citation: Work cat.: (ARRUPE): Dubois, Jean 8426, Larousse Grammaire, 2001